| 000 | 03951nam a2200277 4500 | ||
|---|---|---|---|
| 005 | 20250329165417.0 | ||
| 007 | ta | ||
| 008 | 180709s2022 000 0 eng d | ||
| 040 |
_aCO-CtgCURN _bspa _ccoctgcurn |
||
| 082 | 0 |
_aBAC 2022 _bB277 |
|
| 100 | 1 | _aBarrios G, Angie Nathalie. | |
| 245 | 1 | 0 |
_aPerfil de resistencia a los antibióticos de cepas de Pseudomonas aeruginosa aisladas en muestras de agua provenientes de la ciénaga de las quintas de Cartagena - Colombia durante septiembre - octubre de 2021. / _cAngie Nathalie Barrios G; Paula Andrea Mora Iris; directora Giselle di Filippo Iriarte; asesoras: Elincer Elles Navarro; Soraya Salas Romero. |
| 260 | _c2022. | ||
| 260 | 1 |
_aCartagena de Indias : : _bCorporación Universitaria Rafael Nuñez,, _c2022. |
|
| 300 | _a51 hojas. | ||
| 504 | _aTrabajo de grado (Bacteriologia). Corporación Universitaria Rafael Nuñez. Facultad de Ciencias de la salud. Bacteriologia, 2022. | ||
| 520 | _a"La ciénaga de las quintas en uno de los cuerpos de agua más importantes de la ciudad de Cartagena, principalmente su dinámica hídrica va hacia el mercado de Bazurto, la cual ha sido contaminada gravemente por la población con el tiempo. Nuestro trabajo de investigación tiene como objetivo determinar el perfil de resistencia a los antibióticos de cepas de Pseudomonas aeruginosa aisladas en aguas provenientes de la ciénaga de las Quintas de la Ciudad de Cartagena en el 2021. Realizamos un estudio observacional de tipo descriptivo de corte transversal y fue enmarcado como subproyecto en el proyecto investigativo titulado Perfil de resistencia de aislados bacterianos de cuerpos de agua de la Ciudad de Cartagena, desarrollado por el Programa de Bacteriología de la Corporación Universitaria Rafael Núñez- sede Cartagena; se analizarán 30 muestras de agua de la Ciénaga de Las Quintas. Tomadas a nivel del Puente Jiménez y el mercado Bazurto; estas fueron sembradas en agar Cetrimide y se Sub-cultivaron las colonias escogidas en agar nutritivo, el control de calidad se realizó utilizando la cepa ATCC 27853, para determinar la susceptibilidad de las cepas de Pseudomonas aeruginosa y se sembraron en sensidiscos de Ciprofloxacino (CIP), Cefepime (FEP), Amikacina (AMIK), Ceftazidima (CAZ), Meropenem (MEM). Obteniendo como resultado que de las 30 muestras de agua se aisló el microrganismo Pseudomonas aeruginosa en 18, se aislaron en total 21 cepas de Pseudomonas aeruginosa, 12 (54,5%) en el mercado de Bazurto y 10 (45,5%) en el puente Jiménez. Al analizar la susceptibilidad a los antibióticos no se evidenció resistencia por parte de ninguna de las cepas de pseudomonas aeruginosa aisladas a amikacina, meropenem y ceftazidima. Solo se obtuvo 1 cepa resistente al antibiótico Cefepime; encontramos 2 antibióticos que presentan un perfil de resistencia intermedio Cefepime (n=1), Ciprofloxacino (n=1). No se obtuvo fenotipo de resistencia a aminoglucósidos y a fluoroquinolonas debido a que el 100% de las cepas fueron sensibles a amikacina y a ciprofloxacina. Concluyendo que, a pesar del bajo índice de resistencia presentado, estos cuerpos de agua representan un alto riesgo para la salud de las personas que transitan y trabajan diariamente alrededor de estas; demostrando el inicio de un crecimiento del microrganismo y el inicio de un aumento de resistencia y multirresistencia en la ciénaga de las quintas." | ||
| 650 | 1 | 4 |
_aBacteriologia _vTesis y disertaciones academicas. |
| 700 | 1 | _aMora Iris, Paula Andrea. | |
| 700 | 1 |
_aFilippo Iriarte, Giselle di, _edirectora. |
|
| 700 | 1 |
_aElles Navarro, Elincer, _easesora. |
|
| 700 | 1 |
_aSalas Romero, Soraya, _easesora. |
|
| 856 |
_uhttps://unicurn.sharepoint.com/:b:/s/biblioteca/EZiEyfKhD71Cucwf4pBMu2UBG8o3RQwps6GeP6NWxRLN7Q?e=kYm9qe _zClick aqui para ver el recurso en texto completo |
||
| 942 |
_2ddc _cTG _hBAC 2022 _iB277 |
||
| 999 |
_c3085 _d3085 |
||